000 00793nam a2200253 a 4500
001 73612
003 BD-RjUL
005 20211209082422.0
008 170605s1990 enk 000 0 eng d
020 _a0194512320
035 _a(BD-RjUL)73830
040 _aBD-RjUL
_beng
_cBD-RjUL
_dBD-RjUL
041 _aeng
082 _223
_bSTW 1996
_a651.75
100 1 _aStanton, Alan.
_9217857
245 1 0 _aWritten English for business :
_nFirst level /
_cAlan Stanton
260 _aOxford :
_bOxford University Press,
_cc1990 [Impression 1996]
300 _a64 p. ;
_c25 cm
490 1 _aPreparing for the LCCI examinations
650 0 _a Commercial correspondence
_9217858
650 0 _aBusiness communication
_9217859
830 0 _aPreparing for the LCCI examinations
_9217860
942 _2ddc
_cBK
999 _c73612
_d73612